| 000 | 00418cam a2200157 a 4500 | ||
|---|---|---|---|
| 040 | _cUU | ||
| 082 | 0 | 0 | _a327 GHA 2002 C289 Or. |
| 100 | 1 | _aBoutros-Ghali, Boutros, | |
| 245 | 1 | 3 | _aL'interaction démocratie et développement : |
| 260 |
_aNew York : _bUnited Nations, _c2002. |
||
| 300 |
_av, 53 p. ; _c22 cm. |
||
| 500 | _aIncludes index. | ||
| 650 | 0 | _aPeace. | |
| 650 | 0 | _aSecurity, International. | |
| 942 | _cAEDBB | ||
| 999 |
_c22430 _d22430 |
||